মুক্তিযুদ্ধের শ্রুতিকথা : (Record no. 75780)
[ view plain ]
| 000 -LEADER | |
|---|---|
| fixed length control field | 01084nam a22002297a 4500 |
| 001 - CONTROL NUMBER | |
| control field | 75780 |
| 003 - CONTROL NUMBER IDENTIFIER | |
| rucl marc code | BD-RjUL |
| 005 - DATE AND TIME OF LATEST TRANSACTION | |
| control field | 20211209082739.0 |
| 008 - FIXED-LENGTH DATA ELEMENTS--GENERAL INFORMATION | |
| fixed length control field | 190703s2018 bg ||||| |||| 00| 0 ben d |
| 020 ## - INTERNATIONAL STANDARD BOOK NUMBER | |
| International Standard Book Number | 9789843446527 |
| 035 ## - SYSTEM CONTROL NUMBER | |
| System control number | (BD-RjUL)75999 |
| 040 ## - CATALOGING SOURCE | |
| Original cataloging agency | BD-RjUL |
| Language of cataloging | eng |
| Transcribing agency | BD-RjUL |
| 041 ## - LANGUAGE CODE | |
| Language code of text/sound track or separate title | eng |
| 082 ## - DEWEY DECIMAL CLASSIFICATION NUMBER | |
| Edition number | 23 |
| Classification number | 954.9205 |
| Author mark and year | MUK 2018 |
| 245 ## - TITLE STATEMENT | |
| Title | মুক্তিযুদ্ধের শ্রুতিকথা : |
| Remainder of title | গাবতলীর সর্যসন্তানেরা / |
| Statement of responsibility, etc. | সম্পাদক মোহাম্মদ মনিরুজ্জামান, মো. আব্দুল্লাহ আল মামুন |
| 260 ## - PUBLICATION, DISTRIBUTION, ETC. (IMPRINT) | |
| Place of publication, distribution, etc. | গাতলী, বগুড়া : |
| Name of publisher, distributor, etc. | উপজেলা প্রশাসন, |
| Date of publication, distribution, etc. | ২০১৮ |
| 300 ## - PHYSICAL DESCRIPTION | |
| Pagination | ৬০০ পৃ. : |
| Illustrations | চিত্র ; |
| Size | ২৫ সেমি. |
| 651 ## - SUBJECT ADDED ENTRY--GEOGRAPHIC NAME | |
| Geographic name | Bangladesh |
| General subdivision | History |
| Chronological subdivision | Revolution, 1971 |
| 9 (RLIN) | 232191 |
| 700 ## - ADDED ENTRY--PERSONAL NAME | |
| Personal name | মনিরুজ্জামান, মোহাম্মদ |
| Personal name | আল মামুন, মো. আব্দুল্লাহ |
| 942 ## - ADDED ENTRY ELEMENTS (KOHA) | |
| Source of classification or shelving scheme | Dewey Decimal Classification |
| Koha item type | Books |
| Lost status | Source of classification or shelving scheme | Damaged status | Not for loan | Permanent Location | Current Location | Shelving location | Date acquired | Source of acquisition | Cost, normal purchase price | Total Checkouts | Full call number | Date last seen | Copy number | Koha item type |
|---|---|---|---|---|---|---|---|---|---|---|---|---|---|---|
| Dewey Decimal Classification | Not For Loan | Central Library, University of Rajshahi | Central Library, University of Rajshahi | Reading Room | 03/07/2019 | Author | 1200.00 | B 954.9205 MUK 2018 | 03/07/2019 | C-1 | Books | |||
| Dewey Decimal Classification | Central Library, University of Rajshahi | Central Library, University of Rajshahi | 03/07/2019 | Author | 1200.00 | B 954.9205 MUK 2018 | 03/07/2019 | C-2 | Books |